Legends of the Spanish Southwest /

Bibliographic Details
Main Author: Hallenbeck, Cleve
Other Authors: Williams, Juanita H.
Format: Book
Language:English
Published: Ann Arbor, Mich. : Gryphon Books, 1971.
Subjects:

MARC

Tag First Indicator Second Indicator Subfields
LEADER 00000cam a2200000 4500
001 in00000066663
005 20151007083708.0
008 720315r19711938miua b 00110 eng
010 |a  71164316  
035 |a (OCoLC)00278242 
035 |9 AAF9743AM 
040 |a DLC  |c DLC  |d TXA  |d UtOrBLW 
043 |a n-ust-- 
049 |a TXAM  |c [1191629] 
050 0 0 |a GR109  |b .H3 1971 
082 0 |a 398.2/0979 
100 1 |a Hallenbeck, Cleve. 
245 1 0 |a Legends of the Spanish Southwest /  |c by Cleve Hallenbeck and Juanita H. Williams. Glendale. 
264 1 |a Ann Arbor, Mich. :  |b Gryphon Books,  |c 1971. 
300 |a 342 pages :  |b illustrations ;  |c 22 cm. 
336 |a text  |b txt  |2 rdacontent 
337 |a unmediated  |b n  |2 rdamedia 
338 |a volume  |b nc  |2 rdacarrier 
504 |a Bibliography: pages [323]-327. 
650 0 |a Legends  |z Southwest, New. 
700 1 |a Williams, Juanita H. 
999 |a MARS 
999 f f |s d78557ed-089b-38ab-a873-08a96454c3bc  |i b2c2cf8b-4f3c-392e-98a9-857f21ebe340  |t 0 
952 f f |p ric  |a Texas A&M University  |b Rellis Campus  |c Joint Library Facility  |d Remote Storage  |t 0  |e GR109 .H3 1971  |h Library of Congress classification  |i unmediated -- volume  |m A14802441788 
998 f f |a GR109 .H3 1971  |t 0  |l Remote Storage